MARC

LEADER 00000nam0a2200000 4500
001 34961
005 20231030232056.0
010 |a 5020145920 
035 |a (RuTPU)RU\TPU\book\35377 
035 |a BOOK00002029 
090 |a 34961 
100 |a 20011210d u y0 y50 ca 
101 0 |a rus 
102 |a RU 
105 |a  |y 
200 1 |a Управление исполнительными системами роботов  |f П. Д. Крутько 
210 |a Москва  |c Наука  |d 1991 
215 |a 333 с. 
225 1 |a Научные основы робототехники 
610 1 |a промышленные роботы  |a исполнительные системы  |a управление  |a алгоритмы  |a теория  |a нелинейные уравнения  |a задачи 
675 |a 621.868.8  |v 3 
700 1 |a Крутько  |g Петр Дмитриевич 
801 0 |a RU  |b 63413507  |c 20011210  |g PSBO 
801 2 |a RU  |b 63413507  |c 20100504  |g PSBO 
900 |a Управление промышленными роботами 
900 |a Вещественный интерполяционный метод в задачах автоматического управления 
900 |a Вещественный интерполяционный метод в задачах ТАУ 
900 |a Компьютерное управление мехатронными системами 
942 |c BK